LEADER 01293nam a2200289 i 4500 001 000000208684 003 CaOOAMICUS 005 20111125000000.0 008 111125s2009 it u000 u ita u 013 $a187472 020 $a978-88-311-2674-8 040 $aSeMil$bita 245 10$aQuale comunione? :$bdivorziati risposati e sacramenti /$cFrancesca Paola Puleo. 260 $aRoma :$bCittà Nuova,$c2009. 300 $a143 p. ;$c21 cm. 490 0 $aItinerari etici ;$v7 500 $aIn calce al front. : Associazione teologica italiana per lo studio della morale. 650 4$aChiesa - Divorziati risposati.$0(OLS)http://semarc/subject/10229 650 4$aEucaristia - Divorziati risposati.$0(OLS)http://semarc/subject/39216 700 1 $aPuleo, Francesca Paola.$0(OLS)http://semarc/name/74848 830 0$aItinerari etici ;$v7.$0(OLS)http://semarc/title/24856 850 $aSeMil 852 $aSeMil$W1$xVenegono$y1$m2E II 482$j159138$B159138$CSeMilBibl$Z2$F170208 $81 961 $aAcquisto: L.S. srl 996 $6020$a978-88-311-2674-8$9(OLS)http://semarc/number/203231 996 $6245$aQuale comunione? :$bdivorziati risposati e sacramenti$9(OLS)http://semarc/title/301752 996 $6260$aRoma :$bCittà Nuova$9(OLS)http://semarc/publisher/29609 LEADER 00617nab a2200145 i 4500 001 000000288528 003 CaOOAMICUS 005 20160127000000.0 008 160127n xx uu u0 0und r 013 $a42660 040 $aSeMil$bita 245 10$a[SENZA TITOLO]. - 6 p. manoscritte. - In calce :$b10 Agosto 1915, Milano, Via S. Antonio 24, Ch.[ierico] Ponzoni Carlo. 500 $a10 Agosto 1915. 773 0 $t[1916-1921].$d[Milano] : [s.n.], 1916-1921.$w()115014 996 $6245$a[SENZA TITOLO]. - 6 p. manoscritte. - In calce :$b10 Agosto 1915, Milano, Via S. Antonio 24, Ch.[ierico] Ponzoni Carlo.$9(OLS)http://semarc/title/368273